[Event "Saint Louis Blitz 2022"]
[Site "Saint Louis USA"]
[Date "2022.08.29"]
[Round "9.5"]
[White "Xiong,Jeffery"]
[Black "Nakamura,Hi"]
[Result "0-1"]
[WhiteElo "2690"]
[BlackElo "2768"]

1.e4 c6 2.c4 e5 3.Nf3 Nf6 4.Nc3 Qc7 5.d4 Bb4 6.dxe5 Nxe4 7.Qd4 Nc5 8.Be3 Ne6
9.Qh4 d6 10.exd6 Qxd6 11.Rd1 Qe7 12.Qg3 O-O 13.Bd3 f5 14.Qh4 Qxh4 15.Nxh4 Nc5
16.O-O Nxd3 17.Rxd3 Be6 18.b3 Nd7 19.Ne2 Ne5 20.Rdd1 Nxc4 21.bxc4 Bxc4 22.Rd4 Bxe2
23.Rxb4 Bxf1 24.Kxf1 b6 25.Rd4 c5 26.Rd7 f4 27.Bc1 Rad8 28.Rxd8 Rxd8 29.Bxf4 Rd1+
30.Ke2 Ra1 31.Be5 Rxa2+ 32.Ke3 Ra3+ 33.Ke2 a5 34.Nf5 g6 35.Nd6 Rb3 36.f4 a4
37.Kd2 b5 38.Kc2 c4 39.g4 a3 40.f5 gxf5 41.gxf5 a2 42.f6 c3 43.f7+ Kf8 44.Bf4 Rb2+
45.Kxc3 Rxh2 46.Bxh2 a1=Q+  0-1

[Event "Saint Louis Blitz 2022"]
[Site "Saint Louis USA"]
[Date "2022.08.30"]
[Round "10.1"]
[White "Caruana,F"]
[Black "Nakamura,Hi"]
[Result "0-1"]
[WhiteElo "2776"]
[BlackElo "2768"]

1.c4 Nf6 2.Nc3 e5 3.Nf3 Nc6 4.d3 d5 5.cxd5 Nxd5 6.g3 Nxc3 7.bxc3 Bc5 8.Bg2 O-O
9.O-O Bb6 10.Bg5 Qd6 11.Nd2 Qg6 12.Be3 Be6 13.a4 Bxe3 14.fxe3 Qh6 15.e4 Na5
16.Rb1 b6 17.Nf3 f6 18.Nh4 Rad8 19.Qc2 Qe3+ 20.Kh1 Qc5 21.Nf5 g6 22.Nh4 Qe7
23.Nf3 c5 24.Rf2 Kg7 25.c4 Nc6 26.Nd2 Nb4 27.Qb3 Bd7 28.Nf1 f5 29.exf5 Rxf5
30.Rxf5 Bxf5 31.Qc3 Bd7 32.Ra1 Qd6 33.a5 Qd4 34.Qxd4 exd4 35.axb6 axb6 36.Ra7 Kg8
37.Nd2 Bg4 38.Re7 Kf8 39.Re4 Bf5 40.Rf4 Kg7 41.g4 Bd7 42.Ne4 h6 43.h4 Rf8
44.Rxf8 Kxf8 45.Nf6 Ba4 46.Kg1 Kf7 47.g5 hxg5 48.hxg5 Na2 49.Bd5+ Kg7 50.Kf2 Nc3
51.Bf3 Kf7 52.Ke1 Ke6 53.Kf2 Kf5 54.Nh7 Nd1+ 55.Kg3 Nc3 56.Bg4+ Ke5 57.Nf8 Be8
58.Nh7 b5 59.cxb5 Bxb5 60.Nf6 c4 61.dxc4 Bxc4 62.Kf2 Kf4 63.Bf3 Kxg5 64.Ne4+ Kf4
65.Nd2 Nd1+ 66.Ke1 Ne3 67.Bb7 Bd5 68.Bxd5 Nxd5 69.Kf2 Nc3 70.Nf3 Ne4+ 71.Ke1 d3
72.Nd4 d2+ 73.Kd1 g5 74.Nf3  0-1

[Event "Saint Louis Blitz 2022"]
[Site "Saint Louis USA"]
[Date "2022.08.30"]
[Round "11.4"]
[White "Aronian,L"]
[Black "Nakamura,Hi"]
[Result "1-0"]
[WhiteElo "2775"]
[BlackElo "2768"]

1.e4 e5 2.Nf3 Nc6 3.Bb5 Nf6 4.O-O Nxe4 5.d4 Nd6 6.Bxc6 dxc6 7.dxe5 Nf5 8.Qxd8+ Kxd8
9.Nc3 Bd7 10.b3 h6 11.Bb2 Kc8 12.Rad1 b6 13.Rd3 c5 14.Rfd1 Be6 15.Rd8+ Kb7
16.Rxa8 Kxa8 17.Nd5 Kb7 18.Nf4 Bc8 19.Rd8 Ne7 20.e6 Bxe6 21.Nxe6 fxe6 22.Re8 Ng6
23.Rxe6 Ne7 24.Bxg7 Bxg7 25.Rxe7 Bc3 26.Kf1 a5 27.g4 a4 28.bxa4 Rf8 29.Re3 Ba1
30.Nd2 Bd4 31.Rf3 Ra8 32.Rf4 Rxa4 33.c3 Rxa2 34.cxd4 Rxd2 35.dxc5 b5 36.h4 Rd5
37.Re4 Rxc5 38.f4 Rc1+ 39.Kf2 Rc2+ 40.Ke3 c5 41.f5 Rc1 42.f6 Re1+ 43.Kf4 Rf1+
44.Ke5 b4 45.Rf4 Rxf4 46.Kxf4 b3 47.f7 b2 48.f8=Q b1=Q 49.Qxc5 Qf1+ 50.Ke5 Qe1+
51.Kf5 Qxh4 52.Qe3 Ka6 53.Qe6+ Ka5 54.Qe5+ Ka4 55.Qf4+ Kb5 56.Kg6 Qh3 57.Qf5+ Kc6
58.Qh5 Qc3 59.Qxh6 Qd3+ 60.Kf7+ Kb7 61.Qf6 Qh7+ 62.Kf8 Qc2 63.g5 Qc8+ 64.Kg7 Qg4
65.g6 Ka7 66.Qe7+ Ka6 67.Kf7 Qh5 68.Qf6+ Ka7 69.Kf8 Ka8 70.g7 Qc5+ 71.Kf7 Qd5+
72.Qe6 Qh5+ 73.Kf8 Qc5+ 74.Ke8 Qb5+ 75.Kf7 Qh5+ 76.Kg8 Qh2 77.Qd5+ Ka7 78.Kf7 Qf2+
79.Kg6 Qc2+ 80.Qf5 Qg2+ 81.Kf6 Qb2+ 82.Qe5 Qf2+ 83.Ke7 Qg2 84.Qc5+ Kb7 85.Qb4+ Ka7
86.Qa3+ Kb6 87.Qb3+ Kc7 88.g8=Q Qe4+ 89.Kf8  1-0

[Event "Saint Louis Blitz 2022"]
[Site "Saint Louis USA"]
[Date "2022.08.30"]
[Round "12.3"]
[White "Nakamura,Hi"]
[Black "Firouzja,Alireza"]
[Result "0-1"]
[WhiteElo "2768"]
[BlackElo "2778"]

1.Nf3 d5 2.e3 Nf6 3.c4 e6 4.b3 c5 5.Bb2 Nc6 6.cxd5 exd5 7.Bb5 Bd6 8.O-O O-O
9.d4 cxd4 10.Nxd4 Bc7 11.Nd2 Nxd4 12.Bxd4 Qd6 13.g3 Ba5 14.a3 Bh3 15.Re1 Bxd2
16.Qxd2 Ne4 17.Qe2 Rac8 18.Bd3 Bf5 19.b4 Qg6 20.Red1 Ng5 21.f4 Bxd3 22.Qxd3 Nf3+
23.Kg2 Rc2+ 24.Qxc2 Qxc2+ 25.Kxf3 Rc8 26.Re1 Qxh2 27.Rac1 Rc2 28.Rxc2 Qxc2
29.Bxa7 f6 30.Bd4 Kf7 31.Re2 Qe4+ 32.Kf2 b5 33.Rd2 g5 34.fxg5 fxg5 35.Kg1 Kg6
36.Bc5 Qf3 37.Kh2 Qe4 38.Bd4 h5 39.Rf2 h4 40.gxh4 Qxh4+ 41.Kg2 Qe4+ 42.Kg1 Qb1+
43.Kh2 Qd3 44.Kg3 Qe4 45.Kh2 Kh5 46.Kg3 Qg4+ 47.Kh2 Qd1 48.Rg2 Kg6 49.Bc5 Qh5+
50.Kg1 Qd1+ 51.Kh2 Qh5+ 52.Kg1 Qf3 53.Bd4 Qd1+ 54.Kh2 Qd3 55.Bc5 Qxa3 56.Rd2 Qb3
57.Kg3 Qc4 58.Rd4 Qf1 59.Rd2 Qe1+ 60.Rf2 Kh5 61.Kg2 Kg4 62.Ra2 Qg3+ 63.Kh1 Kh3  0-1

[Event "Saint Louis Blitz 2022"]
[Site "Saint Louis USA"]
[Date "2022.08.30"]
[Round "13.1"]
[White "Shankland,S"]
[Black "Nakamura,Hi"]
[Result "0-1"]
[WhiteElo "2720"]
[BlackElo "2768"]

1.e4 g6 2.d4 Bg7 3.Nc3 a6 4.Be3 d6 5.Qd2 b5 6.f3 Nd7 7.h4 Ngf6 8.O-O-O Nb6
9.Bh6 Bf8 10.Bxf8 Rxf8 11.Nh3 Bxh3 12.Rxh3 h5 13.Bd3 e6 14.e5 Nfd7 15.f4 d5
16.Ne2 Qe7 17.Kb1 c5 18.dxc5 Qxc5 19.c3 O-O-O 20.Nd4 Kb7 21.b3 Rc8 22.Rc1 Rc7
23.Rhh1 Rfc8 24.Rc2 Qe7 25.g3 Nc5 26.Rhc1 Ka8 27.Ka1 Rb7 28.Qe3 Qd8 29.Bf1 Rbc7
30.Bg2 Ncd7 31.Qe2 Ka7 32.Qe3 Kb8 33.Kb2 Qe7 34.Bf1 Nc5 35.Ka1 Ncd7 36.Kb2 Qc5
37.Kb1 Rb7 38.Qd2 Ka8 39.Ka1 Nb8 40.Bd3 Nc6 41.Nf3 Qa3 42.Rg1 Na5 43.Nd4 Nc6
44.Nf3 Rbc7 45.Kb1 Nd7 46.Qc1 Qa5 47.Qe3 Ncb8 48.Rgc1 Rxc3 49.Qd2 b4 50.Nd4 R8c7
51.a4 Qc5 52.Ne2 Rxb3+ 53.Ka2 Ra3+ 54.Kb1 Qa5 55.Rxc7 Qxa4 56.Qb2 Rb3 57.Nd4 Rxb2+
58.Kxb2 Qa3+ 59.Kc2 Nb6 60.Nb3 Qa2+  0-1

[Event "Saint Louis Blitz 2022"]
[Site "Saint Louis USA"]
[Date "2022.08.30"]
[Round "14.3"]
[White "Nakamura,Hi"]
[Black "Mamedyarov,S"]
[Result "1/2-1/2"]
[WhiteElo "2768"]
[BlackElo "2758"]

1.Nf3 Nf6 2.e3 g6 3.d4 Bg7 4.c4 O-O 5.Be2 d6 6.O-O Bf5 7.b3 e5 8.Bb2 Nc6
9.Nbd2 exd4 10.Nxd4 Nxd4 11.Bxd4 c6 12.Qc1 Nd7 13.Nf3 Ne5 14.Rd1 Qe7 15.Ne1 Rfd8
16.Qb2 d5 17.c5 Re8 18.b4 a6 19.a4 Qf8 20.Rac1 Nd7 21.Nf3 Bg4 22.Bxg7 Qxg7
23.Nd4 Bxe2 24.Qxe2 h5 25.b5 axb5 26.axb5 Ne5 27.h3 Qf6 28.Ra1 Nc4 29.bxc6 bxc6
30.Qc2 Rxa1 31.Rxa1 Qe7 32.Nxc6 Qxc5 33.Nd4 Rb8 34.Nf3 Qd6 35.Qc3 Qb4 36.Qd3 Qb2
37.Qd1 Nd6 38.Ne1 Ne4 39.Nd3 Qf6 40.Rc1 d4 41.Rc4 Nc3 42.Qc2 Re8 43.h4 Qa6
44.Rxd4 Qa1+ 45.Kh2 Ne2 46.Qxe2 Qxd4 47.g3 Qe4 48.Nf4 Rb8 49.Qd3 Qf3 50.Qc2 Rd8
51.Nh3 Rd1 52.Ng1 Qd5 53.e4 Qd2 54.Qxd2 Rxd2 55.Kg2 Kg7 56.Kf3 Kf6 57.Ke3 Ra2
58.Nf3 Ra3+ 59.Ke2 Ke7 60.Ne5 Ke6 61.Nd3 Kd6 62.Ke3 f6 63.Ke2 Ra2+ 64.Ke3 Ra3
65.Ke2 Ke6 66.Nf4+ Kf7 67.f3 Ra2+ 68.Ke3 Ra3+ 69.Ke2 Ra2+ 70.Ke3 Rb2 71.Nd3 Rg2
72.Kf4 Rd2 73.Nb4 Rb2 74.Nd3 Rb3 75.Nc1 Ra3 76.Ne2 Ra5 77.Nd4 g5+ 78.Ke3 Ra3+
79.Kf2 g4 80.fxg4 hxg4 81.Nf5 Rf3+ 82.Kg2 Kg6 83.Ne7+ Kh5 84.Nd5 Kg6 85.Ne7+ Kh6
86.Nd5 Kg7 87.Ne7 Ra3 88.Nf5+ Kg6 89.Kf2 Rb3 90.Ne7+ Kf7 91.Nf5 Rf3+ 92.Kg2 Kg6
93.Ne7+  1/2-1/2

[Event "Saint Louis Blitz 2022"]
[Site "Saint Louis USA"]
[Date "2022.08.30"]
[Round "15.2"]
[White "Vachier Lagrave,M"]
[Black "Nakamura,Hi"]
[Result "0-1"]
[WhiteElo "2757"]
[BlackElo "2768"]

1.e4 g6 2.d4 Bg7 3.Nf3 d6 4.h3 c5 5.dxc5 Qa5+ 6.Bd2 Qxc5 7.Nc3 Nf6 8.Bd3 O-O
9.O-O a6 10.Re1 e5 11.Be3 Qc7 12.a4 Nc6 13.Bc4 Be6 14.Bb3 h6 15.Qd2 Kh7 16.Red1 Rad8
17.Qe2 Rd7 18.Rac1 Rc8 19.Nd5 Bxd5 20.Bxd5 Nxd5 21.Rxd5 Ne7 22.Rd3 Qc4 23.Nd2 Qxa4
24.b3 Qb5 25.Nc4 d5 26.exd5 Rxd5 27.Rcd1 Rcd8 28.Bb6 Rxd3 29.Rxd3 Rxd3 30.Qxd3 Nd5
31.Ba7 Nf4 32.Qf3 Qd7 33.Bb8 f6 34.Nd6 b5 35.Qa8 a5 36.Kh2 a4 37.bxa4 bxa4
38.c4 Nd3 39.Qd5 Nb4 40.Qb5 Nc6 41.Ne4 a3 42.Bd6 a2 43.Qb2 f5 44.Qxa2 fxe4
45.c5 Qf5 46.Kg1 Nd4 47.Qc4 Qf4 48.c6 e3 49.fxe3 Nf3+  0-1

[Event "Saint Louis Blitz 2022"]
[Site "Saint Louis USA"]
[Date "2022.08.30"]
[Round "16.1"]
[White "Nakamura,Hi"]
[Black "Dominguez Perez,L"]
[Result "1-0"]
[WhiteElo "2768"]
[BlackElo "2754"]

1.Nf3 Nf6 2.e3 c5 3.b3 g6 4.Bb2 Bg7 5.g3 b6 6.Bg2 Bb7 7.O-O O-O 8.d3 d5 9.Nbd2 Nc6
10.Qe2 Qc7 11.c4 Rfd8 12.a3 e5 13.cxd5 Nxd5 14.Rac1 Qe7 15.Rfd1 Rac8 16.Bh3 Rc7
17.e4 Nf6 18.Nc4 Nd7 19.Ne3 Nd4 20.Nxd4 exd4 21.Nc4 f5 22.Bg2 fxe4 23.dxe4 Ne5
24.Nxe5 Bxe5 25.Qc4+ Kh8 26.f4 Bg7 27.e5 Bxg2 28.Kxg2 g5 29.Rxd4 gxf4 30.gxf4 Rg8
31.Kh1 cxd4 32.Qxc7 Qh4 33.e6 Qf2 34.Qc2 Qxf4 35.Re1 Qf3+ 36.Qg2 Qxg2+ 37.Kxg2 d3
38.Bxg7+ Kxg7 39.Kf3 Kf6 40.e7 Re8 41.Re3 d2 42.Rd3 Rxe7 43.Rxd2 Rc7 44.Rd6+ Ke5
45.Rd3 b5 46.Kg4 a5 47.Rh3 Kd4 48.Rh5 Rb7 49.a4 bxa4 50.bxa4 Ra7 51.Rb5 Rg7+
52.Kh5 Ra7 53.Kh6 Kc4 54.h4 Kd4 55.h5 Kc4 56.Rb1 Rd7 57.Rb5 Ra7 58.Kg5 Kd4
59.Kf6 Ra6+ 60.Ke7 Kc4 61.Kd7 Rf6 62.Ke7 Rf1 63.Rxa5 Kb4 64.Ra6 Rf5 65.h6 Rf2
66.Rf6 Rh2 67.Kf8 Kxa4 68.Kg7 Kb5 69.Kxh7 Kc5 70.Kg7  1-0

[Event "Saint Louis Blitz 2022"]
[Site "Saint Louis USA"]
[Date "2022.08.30"]
[Round "17.4"]
[White "Nepomniachtchi,I"]
[Black "Nakamura,Hi"]
[Result "0-1"]
[WhiteElo "2792"]
[BlackElo "2768"]

1.e4 e5 2.f4 exf4 3.Nf3 d5 4.exd5 Nf6 5.Bb5+ Nbd7 6.O-O Be7 7.Be2 O-O 8.c4 c6
9.dxc6 bxc6 10.d4 Bd6 11.Nc3 Re8 12.c5 Bc7 13.Bc4 Ng4 14.Qb3 Re7 15.h3 Rb8
16.Qa4 Ne3 17.Bxe3 fxe3 18.Qxc6 Bb7 19.Qa4 Bg3 20.Qc2 Nf6 21.d5 Nxd5 22.Ng5 Bf2+
23.Rxf2 exf2+ 24.Qxf2 h6 25.Nxd5 Bxd5 26.Rd1 hxg5 27.Rxd5 Rd7 28.Rd6 Qe7
29.Rxd7 Qxd7 30.c6 Qc7 31.Bd5 Rd8 32.Qf5 Qe7 33.Bf3 g6 34.Qc2 Qe5 35.b4 Kg7
36.a3 Re8 37.Qd2 Qa1+ 38.Kh2 Qe5+ 39.Kg1 Qf6 40.Kh2 Rd8 41.Qe3 a6 42.a4 Qd6+
43.Kh1 Qxb4 44.Qe5+ Kg8 45.Qxg5 Qb1+ 46.Kh2 Qb8+ 47.Kh1 Re8 48.Qd2 Qg3 49.Be2 Rb8
50.Qc2 Qf2 51.c7 Rc8 52.Qc4 Qb6 53.Qxa6 Qxc7 54.Qd3 Qf4 55.Bf1 Rc1 56.Kg1 Qxa4
57.Qe3 Qc6 58.Qf4 Qc5+ 59.Kh1 Qc7 60.Qf3 Qc6 61.Qf4 Qc7 62.Qf3 Qc4 63.Kg1 Qd4+
64.Kh1 Kg7 65.Kh2 Rc3 66.Qe2 Qf4+ 67.Kh1 Qe3 68.Qb5 Rc1 69.Qb2+ f6 70.Qb7+ Kh6
71.Qa6 Qf2  0-1

[Event "Saint Louis Blitz 2022"]
[Site "Saint Louis USA"]
[Date "2022.08.30"]
[Round "18.5"]
[White "Nakamura,Hi"]
[Black "Xiong,Jeffery"]
[Result "1-0"]
[WhiteElo "2768"]
[BlackElo "2690"]

1.c4 e5 2.a3 Nf6 3.d3 g6 4.Nf3 Nc6 5.b4 d5 6.cxd5 Nxd5 7.Bb2 Bg7 8.e3 Qe7
9.Nbd2 O-O 10.Rc1 Rd8 11.Qc2 a5 12.b5 Na7 13.e4 Nf4 14.a4 Bg4 15.g3 Bxf3
16.Nxf3 Ne6 17.Bh3 c6 18.b6 Nc8 19.O-O Nxb6 20.Qb3 Ra6 21.Ba3 Qf6 22.Bg2 Bf8
23.Bb2 Nc5 24.Rxc5 Bxc5 25.Bxe5 Qe7 26.Ba1 Nd7 27.Bh3 Rb6 28.Qc3 Qf6 29.Qxf6 Nxf6
30.Bxf6 Rxd3 31.Ne5 Bd4 32.Nxd3 Bxf6 33.e5 Be7 34.Rd1 Rb3 35.e6 f5 36.Bf1 Kg7
37.h4 Kf6 38.Nf4 Rb4 39.Rd7 Rb2 40.Bg2 Rb4 41.Bf3 Rb2 42.Kg2 Rb4 43.Bd1 Rb2
44.Kh3 Rb4 45.f3 Rb1 46.g4 fxg4+ 47.fxg4 h6 48.Nxg6 Kxe6 49.Rxe7+ Kf6 50.Rd7  1-0

[Event "Titled Tue 6th Sep Early"]
[Site "chess.com INT"]
[Date "2022.09.06"]
[Round "1"]
[White "Nakamura,Hi"]
[Black "Kalavannan,Koby"]
[Result "1-0"]
[WhiteElo "2768"]
[BlackElo "2324"]

1.g3 c5 2.Bg2 Nc6 3.d3 d5 4.Nd2 Nf6 5.b3 e5 6.Bb2 Bd6 7.e4 Be6 8.Ne2 d4 9.O-O O-O
10.h3 Nd7 11.f4 f6 12.f5 Bf7 13.g4 b5 14.h4 c4 15.Nf3 Nc5 16.Ng3 a5 17.g5 cxd3
18.cxd3 Nb4 19.g6 hxg6 20.fxg6 Bxg6 21.Ne1 Qd7 22.h5 Bf7 23.Nf5 Be6 24.Bh3 Nc6
25.Ng2 Ne7 26.Ngh4 Nxf5 27.Nxf5 a4 28.b4 Nb7 29.a3 Bc7 30.Qg4 Rae8 31.Kh1 Nd6
32.Qg2 Nxf5 33.Bxf5 Bxf5 34.Rxf5 Qf7 35.Rg1 Re6 36.Bc1 Kh8 37.Qh3 Rc6 38.Rf2 Bd8
39.Rfg2 f5 40.Rg6 Rxc1 41.Rxc1 fxe4 42.dxe4 Qf4 43.Re1 Bg5 44.h6 Bxh6 45.Rg2 Qf3
46.Qxf3 Rxf3 47.Ra2 Rc3 48.Kg2 d3 49.Kf1 Rc2 50.Raa1 d2 51.Red1 Rc4 52.Ke2 Rxe4+
53.Kd3 Rd4+ 54.Kc3 Rc4+ 55.Kd3 e4+ 56.Ke2 e3 57.Rh1 Rf4 58.Raf1 Rxf1 59.Rxf1 Kh7
60.Rf5 g5 61.Rxb5 g4 62.Rd5 Kg6 63.Rd4 Kh5 64.b5 Bg7 65.Rd5+ Kh4 66.b6 Bh6
67.b7 Bf4 68.Rd4 Bg3 69.Kxe3 Kh3 70.Rxd2 Bc7 71.Rd7 Bb8 72.Rd8 Ba7+ 73.Ke4 g3
74.b8=Q Bxb8 75.Rxb8 g2 76.Kf3  1-0

[Event "Titled Tue 6th Sep Late"]
[Site "chess.com INT"]
[Date "2022.09.06"]
[Round "1"]
[White "Nakamura,Hi"]
[Black "Putnam,Liam"]
[Result "1-0"]
[WhiteElo "2768"]
[BlackElo "2196"]

1.g3 d5 2.Bg2 e5 3.d3 Nc6 4.Nc3 Be6 5.e4 Nf6 6.Bd2 h5 7.Nf3 Qd7 8.Ng5 d4
9.Ne2 h4 10.Nxe6 Qxe6 11.Ng1 Bc5 12.Bh3 Qe7 13.Nf3 hxg3 14.hxg3 Ng4 15.Nh4 Ne3
16.fxe3 dxe3 17.Bc3 Rxh4 18.Bd7+ Qxd7 19.Rxh4 O-O-O 20.Qg4 Qxg4 21.Rxg4 Rh8
22.Rh4 Rf8 23.Ke2 g6 24.Rah1 Kd7 25.Rh8 Rxh8 26.Rxh8 f5 27.Rh6 Ne7 28.Bxe5 c6
29.Bf6 fxe4 30.dxe4 Nc8 31.Bg5 Nd6 32.Bxe3 Nxe4 33.Bxc5 Nxc5 34.Rxg6 Ne6
35.Ke3 Nc7 36.Rg7+ Kd6 37.Rxc7 Kxc7 38.Kf4 Kd6 39.Kf5 Ke7 40.Kg6  1-0

[Event "Titled Tue 6th Sep Late"]
[Site "chess.com INT"]
[Date "2022.09.06"]
[Round "2"]
[White "McCoy,Owen"]
[Black "Nakamura,Hi"]
[Result "0-1"]
[WhiteElo "2085"]
[BlackElo "2768"]

1.Nf3 g6 2.g3 d5 3.Bg2 Bg7 4.O-O e5 5.d3 Nc6 6.Nbd2 Nge7 7.e4 O-O 8.exd5 Nxd5
9.Re1 Re8 10.c3 h6 11.Qc2 Bf5 12.Ne4 Qc8 13.a3 a5 14.Bd2 a4 15.Rad1 Bg4 16.Bc1 Ra5
17.Qe2 Rd8 18.Qf1 b6 19.Ned2 b5 20.c4 Nb6 21.cxb5 Rxb5 22.h3 Bd7 23.Ne4 Nd4
24.Kh2 Be6 25.Nc3 Ra5 26.Nxd4 exd4 27.Ne4 Bb3 28.Rd2 f5 29.Rde2 fxe4 30.Bxe4 Bf7
31.Bd2 Rb5 32.Bc1 Nd7 33.Bg2 Re5 34.Bf4 Rxe2 35.Rxe2 Re8 36.Rc2 c5 37.Qc1 g5
38.Bxg5 hxg5 39.Qxg5 Qd8 40.Qf4 Qe7 41.Rc1 Ne5 42.Be4 Bg6 43.Bxg6 Nxg6 44.Qg4 Ne5
45.Qe4 Qf7 46.Rc2 Nf3+  0-1

[Event "Titled Tue 6th Sep Early"]
[Site "chess.com INT"]
[Date "2022.09.06"]
[Round "2"]
[White "Kosteniuk,A"]
[Black "Nakamura,Hi"]
[Result "0-1"]
[WhiteElo "2521"]
[BlackElo "2768"]

1.e4 c6 2.Nc3 d5 3.Nf3 Bg4 4.h3 Bxf3 5.Qxf3 e6 6.g3 g6 7.Bg2 Bg7 8.O-O Nd7
9.d3 Ngf6 10.Qe2 O-O 11.f4 Nh5 12.Kh2 f5 13.e5 Rf7 14.d4 Bf8 15.Be3 Rc8 16.a3 c5
17.Nb5 a6 18.Nd6 Bxd6 19.exd6 c4 20.Bf2 Ng7 21.b3 Nf6 22.Be1 Qxd6 23.Bb4 Qd8
24.Rfe1 Ne4 25.Bf1 Nh5 26.bxc4 Nhxg3 27.Qf3 Nxf1+ 28.Rxf1 Rxc4 29.Ra2 a5
30.Be1 b6 31.Rg1 Rfc7 32.Rg2 Qc8 33.Qd3 R7c6 34.h4 Qc7 35.Bd2 Rxc2 36.Rxc2 Rxc2
37.Be3 Rxg2+ 38.Kxg2 Qc4 39.Qb1 Qe2+  0-1

[Event "Titled Tue 6th Sep Early"]
[Site "chess.com INT"]
[Date "2022.09.06"]
[Round "3"]
[White "Nakamura,Hi"]
[Black "Cardoso Cardoso,Jose Gabriel"]
[Result "1-0"]
[WhiteElo "2768"]
[BlackElo "2502"]

1.g3 e5 2.c4 Nf6 3.d3 Bc5 4.a3 d6 5.e3 h5 6.h3 a5 7.Nc3 h4 8.g4 c6 9.d4 Bb6
10.Bg2 O-O 11.Nge2 Be6 12.b3 Bc7 13.f4 exf4 14.exf4 Re8 15.f5 Bc8 16.Bg5 d5
17.Bxh4 a4 18.O-O axb3 19.cxd5 b2 20.Ra2 Qd6 21.Bg3 Qe7 22.Bxc7 Qxc7 23.dxc6 Nxc6
24.Rxb2 Rxa3 25.Nb5 Qb6 26.Qb1 Rae3 27.Nd6 Qd8 28.Nxe8 Qxe8 29.Qd1 Ne4 30.Nf4 Nc3
31.Qd2 Na5 32.Rb4 b5 33.Rc1 Na4 34.Rxc8 Qxc8 35.Qxe3 Nc4 36.Qe1 Qc7 37.Nd5 Qd6
38.Rxb5  1-0

[Event "Titled Tue 6th Sep Late"]
[Site "chess.com INT"]
[Date "2022.09.06"]
[Round "3"]
[White "Nakamura,Hi"]
[Black "Goltsev,Dmitry"]
[Result "1/2-1/2"]
[WhiteElo "2768"]
[BlackElo "2232"]

1.g3 d5 2.Bg2 Nf6 3.d3 c5 4.Nc3 Nc6 5.Bg5 e6 6.e4 dxe4 7.Nxe4 Be7 8.Nf3 Nxe4
9.Bxe7 Kxe7 10.dxe4 Qxd1+ 11.Rxd1 Rd8 12.Rxd8 Kxd8 13.c3 Ke7 14.Kd2 e5 15.Ke3 f6
16.Bf1 a6 17.Bc4 Be6 18.Bd5 Bxd5 19.exd5 Nd8 20.Nd2 Nf7 21.Nc4 Nd6 22.Nb6 Rf8
23.b3 f5 24.f4 e4 25.Rc1 h6 26.h4 g6 27.b4 cxb4 28.cxb4 Kd8 29.a4 Rg8 30.Kd4 Re8
31.Rc3 Re7 32.Ke3 Rc7 33.Rc5 Rg7 34.Rc3 Rc7 35.Rc5 Rg7 36.Kd4 Re7 37.Rc3 Rc7
38.Rxc7 Kxc7 39.a5 Kd8 40.Na4 Nb5+ 41.Ke3 Nc7 42.Kd4 Nb5+ 43.Kc4 Nd6+ 44.Kc5 e3
45.Nc3 Ne4+ 46.Kd4 Nxc3 47.Kxc3 e2 48.Kd2 Kd7 49.Kxe2 Kd6 50.Kd2 Kxd5 51.Kc3 h5
52.Kd3 Kc6 53.Kc4 b5+ 54.axb6 Kxb6 55.Kc3 Kb5 56.Kb3 Kb6 57.Ka4 Kb7 58.Ka3 Kb6
59.Kb2 Kb5 60.Kc3 Kb6 61.Kc4 Kc6 62.Kd4 Kb5 63.Kc3 Kb6 64.Kc4 Kc6 65.Kd4 Kb5
66.Kc3  1/2-1/2

[Event "Titled Tue 6th Sep Early"]
[Site "chess.com INT"]
[Date "2022.09.06"]
[Round "4"]
[White "Seliverstov,Vl"]
[Black "Nakamura,Hi"]
[Result "0-1"]
[WhiteElo "2462"]
[BlackElo "2768"]

1.c4 f5 2.g3 e5 3.Bg2 Nc6 4.Nc3 Nf6 5.d3 Bb4 6.Nf3 Bxc3+ 7.bxc3 O-O 8.O-O d6
9.Rb1 Qe8 10.e3 e4 11.Nd4 Ne5 12.dxe4 fxe4 13.Nb5 Bg4 14.Qb3 Qf7 15.c5 d5
16.Nd4 b6 17.cxb6 axb6 18.f4 exf3 19.Nxf3 Bxf3 20.Bxf3 Nxf3+ 21.Rxf3 Qh5
22.Rf4 Ng4 23.Rb2 Rxf4 24.gxf4 Nf6 25.c4 c6 26.cxd5 cxd5 27.Rg2 Qf5 28.Rg5 Qe4
29.Bb2 Qb1+ 30.Kg2 Rxa2  0-1

[Event "Titled Tue 6th Sep Late"]
[Site "chess.com INT"]
[Date "2022.09.06"]
[Round "4"]
[White "Domalchuk-Jonasson,Aleksandr"]
[Black "Nakamura,Hi"]
[Result "0-1"]
[WhiteElo "2300"]
[BlackElo "2768"]

1.d4 g6 2.e4 Bg7 3.Nf3 d6 4.c3 Nd7 5.Bd3 e5 6.O-O Ngf6 7.h3 O-O 8.Re1 Re8
9.a4 a6 10.Na3 b6 11.b4 Bb7 12.d5 c6 13.c4 a5 14.bxa5 Rxa5 15.Bd2 Ra8 16.Bb4 Bf8
17.dxc6 Bxc6 18.Nb5 Nc5 19.Bxc5 bxc5 20.Bc2 Ra6 21.Qd2 Nh5 22.Rad1 Ba8 23.Qc3 Nf4
24.Rd2 Ne6 25.Red1 Nd4 26.Nfxd4 cxd4 27.Qb3 h5 28.Bd3 Ra5 29.Rb1 h4 30.Rdb2 Bc6
31.Qd1 Kg7 32.Bc2 Be7 33.Qg4 Bd7 34.Qe2 Qc8 35.Na3 Bxa4 36.Bxa4 Rxa4 37.Nb5 Qxc4
38.Qxc4 Rxc4 39.Ra1 Rc6 40.Na7 Ra8 41.Nxc6 Rxa1+ 42.Kh2 Bg5 43.g3 hxg3+ 44.Kxg3 d3
45.h4 d2  0-1

[Event "Titled Tue 6th Sep Late"]
[Site "chess.com INT"]
[Date "2022.09.06"]
[Round "5"]
[White "Nakamura,Hi"]
[Black "Mikhailov,Vi"]
[Result "1-0"]
[WhiteElo "2768"]
[BlackElo "2428"]

1.g3 Nf6 2.Bg2 g6 3.d3 Bg7 4.Bd2 O-O 5.Qc1 d6 6.Bh6 c5 7.h4 Nc6 8.h5 Bxh6
9.Qxh6 Ng4 10.Qd2 Qb6 11.Nc3 c4 12.Nd1 cxd3 13.exd3 Be6 14.Nh3 Qa5 15.Qxa5 Nxa5
16.hxg6 hxg6 17.c3 Nc6 18.d4 Bf5 19.Ne3 Nxe3 20.fxe3 Bxh3 21.Rxh3 Kg7 22.b4 Rh8
23.Rxh8 Rxh8 24.a4 e6 25.Kf2 Rc8 26.Ke2 a5 27.Rb1 b6 28.Bxc6 Rxc6 29.bxa5 bxa5
30.Kd3 d5 31.Rb5 Ra6 32.e4 dxe4+ 33.Kxe4 Kf6 34.c4 g5 35.c5 Ra8 36.c6 Ke7
37.Rb7+ Kd6 38.Rxf7 Kxc6 39.Rg7 Kd6 40.Rxg5 Ra7 41.g4 Ra8 42.Rc5 Rg8 43.g5 Rh8
44.Rxa5 Rh4+ 45.Kd3 Rg4 46.Kc4 Rg1 47.Rc5 Rc1+ 48.Kd3 Rd1+ 49.Ke3 Re1+ 50.Kd2 Ra1
51.a5 Ra2+ 52.Ke3 Ra3+ 53.Ke4 Ra1 54.Kf3 Ra4 55.g6 Rxd4 56.Rg5 Rd3+ 57.Ke2  1-0

[Event "Titled Tue 6th Sep Early"]
[Site "chess.com INT"]
[Date "2022.09.06"]
[Round "5"]
[White "Nakamura,Hi"]
[Black "Tari,A"]
[Result "1-0"]
[WhiteElo "2768"]
[BlackElo "2656"]

1.g3 g6 2.e4 c5 3.c3 Nf6 4.Bg2 d6 5.d4 cxd4 6.cxd4 Bg7 7.Nc3 O-O 8.Nge2 Nc6
9.O-O a6 10.h3 Bd7 11.Be3 Rc8 12.Qd2 b5 13.Rac1 Na5 14.b3 b4 15.Nd5 Nxd5
16.exd5 Qb6 17.Nf4 Nb7 18.Rc6 Rxc6 19.dxc6 Bxc6 20.d5  1-0

[Event "Titled Tue 6th Sep Late"]
[Site "chess.com INT"]
[Date "2022.09.06"]
[Round "6"]
[White "Nakamura,Hi"]
[Black "Belous,V"]
[Result "0-1"]
[WhiteElo "2768"]
[BlackElo "2525"]

1.g3 Nf6 2.Bg2 g6 3.d3 Bg7 4.Bd2 d5 5.Qc1 h6 6.c4 dxc4 7.Qxc4 O-O 8.Nf3 Be6
9.Qc1 Kh7 10.Nc3 Qd7 11.O-O Bh3 12.Bxh3 Qxh3 13.d4 Nc6 14.e3 Ng4 15.Qd1 Rad8
16.Qe2 Bxd4 17.Ne4 Kg8 18.Rfb1 f5 19.Nc3 Bg7 20.Qf1 Qxf1+ 21.Rxf1 e5 22.Rfd1 e4
23.Ne1 Nge5 24.Ne2 Nc4 25.Bc3 Nxb2 26.Rdb1 Bxc3 27.Nxc3 Rd2 28.a4 Rfd8 29.Ra2 Nc4
30.Rxd2 Rxd2 31.Rxb7 N6e5 32.Rxc7 Rb2 33.Kf1 a5 34.h3 Nd2+ 35.Kg2 Ndf3 36.Nxf3 exf3+
37.Kg1 Nd3 38.g4 Nxf2 39.Nd5 Nxh3+ 40.Kf1 Rb1+  0-1

[Event "Titled Tue 6th Sep Early"]
[Site "chess.com INT"]
[Date "2022.09.06"]
[Round "6"]
[White "Bok,B"]
[Black "Nakamura,Hi"]
[Result "0-1"]
[WhiteElo "2618"]
[BlackElo "2768"]

1.d4 f5 2.g3 g6 3.Bg2 Bg7 4.Nf3 Nh6 5.O-O O-O 6.c4 d6 7.d5 Na6 8.Nc3 Nc5
9.Be3 a5 10.Bd4 e5 11.dxe6 Bxe6 12.b3 c6 13.Bxg7 Kxg7 14.e3 Nf7 15.Qc2 Qf6
16.Rfd1 Rfe8 17.Rab1 f4 18.exf4 Bf5 19.Qd2 Bxb1 20.Rxb1 Re7 21.a3 Rae8 22.b4 axb4
23.axb4 Ne4 24.Nxe4 Rxe4 25.Ne5 Nxe5 26.Bxe4 Nxc4 27.Qd3 d5 28.Bf3 Nd6 29.Kg2 Nb5
30.h4 Qd4 31.Qb3 Qc3 32.Qd1 Nd4 33.Bg4 Re4 34.h5 Qc2 35.Qh1 Re7 36.hxg6 Qe4+
37.Kg1 Qxb1+  0-1

[Event "Titled Tue 6th Sep Early"]
[Site "chess.com INT"]
[Date "2022.09.06"]
[Round "7"]
[White "Nakamura,Hi"]
[Black "Zierk,S"]
[Result "1-0"]
[WhiteElo "2768"]
[BlackElo "2488"]

1.g3 d5 2.Bg2 g6 3.d3 Bg7 4.Nc3 Nf6 5.Bd2 O-O 6.Qc1 Re8 7.Bh6 Bh8 8.h4 e5
9.h5 d4 10.hxg6 dxc3 11.g7 Bxg7 12.Qg5 Nh5 13.Rxh5  1-0

[Event "Titled Tue 6th Sep Late"]
[Site "chess.com INT"]
[Date "2022.09.06"]
[Round "7"]
[White "Milikow,Yoav"]
[Black "Nakamura,Hi"]
[Result "0-1"]
[WhiteElo "2430"]
[BlackElo "2768"]

1.d4 g6 2.c4 Bg7 3.Nc3 c5 4.d5 Bxc3+ 5.bxc3 f5 6.h4 Nf6 7.h5 Rg8 8.hxg6 hxg6
9.Qa4 Qb6 10.Nf3 Qa6 11.Qxa6 Nxa6 12.d6 exd6 13.Bf4 d5 14.Be5 Ke7 15.cxd5 d6
16.Bf4 Nc7 17.c4 Bd7 18.Bg5 Rh8 19.Nh4 Kf7 20.Bf4 Nce8 21.Rh3 Ne4 22.f3 N4f6
23.Bd2 f4 24.g4 fxg3 25.Rh1 Rh5 26.f4 Ng7  0-1

[Event "Titled Tue 6th Sep Early"]
[Site "chess.com INT"]
[Date "2022.09.06"]
[Round "8"]
[White "Salem,AR"]
[Black "Nakamura,Hi"]
[Result "0-1"]
[WhiteElo "2677"]
[BlackElo "2768"]

1.d4 Nf6 2.c4 e6 3.Nc3 Bb4 4.a3 Bxc3+ 5.bxc3 c5 6.f3 d6 7.e4 Nc6 8.Be3 b6
9.Bd3 e5 10.Ne2 h6 11.O-O Qc7 12.Kh1 Bd7 13.f4 O-O-O 14.fxe5 dxe5 15.d5 Na5
16.a4 Bg4 17.h3 Bxe2 18.Qxe2 Ne8 19.Qg4+ Kb8 20.Rab1 f6 21.Rb5 Nd6 22.Rxa5 bxa5
23.Qg3 h5 24.Qf2 Rc8 25.Rb1+ Ka8 26.Rb5 Nxb5 27.cxb5 c4 28.Be2 Qd7 29.Qf1 Rc7
30.Kh2 f5 31.exf5 Qxd5 32.b6 axb6 33.Bxb6 Rc6 34.Bg1 e4 35.Kh1 Rf8 36.Qf2 Qd7
37.Qe3 Qe7 38.Bf3 Re6 39.Bxh5 Rxf5 40.Bg4 Rfe5 41.Qd4 e3 42.Bf3+ Kb8 43.Bh2 Kc8
44.Qxc4+ Qc7 45.Qe2 Qxc3 46.Bg4 Qc1+ 47.Bg1 Kd8 48.Kh2 Qd2 49.Qf3 Qd6 50.Qe2 Rg5+
51.Kh1 Rxg4 52.Qxg4 e2 53.Qg5+ Ke8 54.Qh5+ Kf8 55.Qh8+ Kf7 56.Qh5+ Kg8  0-1